| 000 | 00817pam a2200241 a 4500 | ||
|---|---|---|---|
| 001 | 4852231 | ||
| 005 | 20180312051939.0 | ||
| 008 | 910819r19921991nyu b 001 0 eng | ||
| 010 | _a 91028532 | ||
| 020 |
_a0385265565 : _c$12.00 ($15.00 Can.) |
||
| 040 |
_aDLC _cDLC _dDLC |
||
| 041 | _aeng | ||
| 043 | _an-us-il | ||
| 080 | _a305.230977311 KOT | ||
| 082 | 0 | 0 |
_a305.230977311 KOT _220 |
| 100 | 1 | _a50 | |
| 101 | _aSOC | ||
| 245 | 1 | 0 |
_aThere are no children here : _cAlex Kotlowitz. |
| 504 | _aIncludes bibliographical references (p. 314-315) and index. | ||
| 906 |
_a7 _bcbc _corignew _d1 _eocip _f19 _gy-gencatlg |
||
| 942 |
_2ddc _cBK |
||
| 999 |
_c44690 _d44690 |
||